A history of probability and statistics and their applications before 1750

Wedi'i Gadw mewn:
Manylion Llyfryddiaeth
Prif Awdur: Hald, Anders (Awdur)
Fformat: Llyfr
Iaith:Saesneg
Cyhoeddwyd: Nueva York Wiley 1990
Cyfres:Wiley Series in Probability and Mathematical Statistics
Pynciau:
Tagiau: Ychwanegu Tag
Dim Tagiau, Byddwch y cyntaf i dagio'r cofnod hwn!

MARC

LEADER 00000nam a2200000 a 4500
001 UCQ3469
003 CL-VaPUC
008 980821e19900000US |||||||||||||||||eng|d
082 0 4 |a 519.2  |b HAL  |2 21 
100 |a Hald, Anders  |e author  |9 417649 
245 1 2 |a A history of probability and statistics and their applications before 1750 
300 |a 586 p 
942 |c BK 
945 |d 19980821 00:00:00  |a mvenant 
260 |a Nueva York  |b Wiley  |c 1990 
650 0 |a Probabilidades   |9 260199 
650 0 |a Estadística matemática  |9 260028 
650 0 |a Historia  |9 255047 
650 7 |a SIGLOS 17-18  |2 CL-VaPUC  |9 375763 
583 |a last modification  |c 19980821 00:00:00  |k Rodrigo Vera 
490 0 |a Wiley Series in Probability and Mathematical Statistics 
999 |c 274042  |d 274040 
952 |0 0  |1 0  |4 0  |6 519_200000000000000_HAL_1990  |7 0  |8 A  |9 310092  |a BIBGIM  |b BIBGIM  |d 2019-11-20  |i 3455866  |o 519.2 HAL 1990  |p 3455866  |r 2025-01-15  |w 2019-11-20  |y BK  |k EST